[Event "Titled Tuesday intern op 27th Feb Late"]
[Site "Chess.com INT"]
[Date "2024.02.27"]
[Round "2"]
[White "Novikova, Margarita"]
[Black "Yelisieiev, Yevhenii"]
[Result "0-1"]
[WhiteElo "1999"]
[BlackElo "2411"]
[PlyCount "102"]
[EventDate "2024.02.27"]
[EventType "swiss (blitz)"]
[EventRounds "11"]
[EventCountry "USA"]
[SourceTitle "CB10_2024"]
[SourceDate "2024.03.06"]
[SourceVersion "1"]
[SourceVersionDate "2024.03.06"]
[SourceQuality "1"]

1. e4 d6 2. d4 Nf6 3. Nc3 e5 4. dxe5 dxe5 5. Qxd8+ Kxd8 6. h3 Be6 7. Be3 Nbd7 8. 0-0-0 c6 9. g4 Bb4 10. Nge2 h6 11. a3 Ba5 12. Bc5 Bb6 13. Bxb6+ axb6 14. f4 exf4 15. Nxf4 Ke7 16. Nd3 Nc5 17. Bg2 Nfd7 18. Rhe1 f6 19. Nf4 Ne5 20. Nce2 Rhd8 21. Nd4 Rd7 22. b4 Rxa3 23. bxc5 Ra1+ 24. Kb2 Rxd1 25. Rxd1 Nc4+ 26. Kc1 Ne3 27. Rd2 Nxg2 28. Nxg2 bxc5 29. Nxe6 Rxd2 30. Kxd2 Kxe6 31. Nf4+ Ke5 32. Ke3 c4 33. Nh5 g6 34. Nf4 g5 35. Ne2 b5 36. Nd4 c5 37. Nf5 b4 38. Nxh6 b3 39. cxb3 cxb3 40. Kd3 c4+ 41. Kc3 Kxe4 42. Ng8 Ke5 43. Ne7 Ke4 44. Ng8 f5 45. gxf5 Kxf5 46. Ne7+ Kf4 47. Nd5+ Kg3 48. Ne3 Kxh3 49. Nxc4 g4 50. Ne3 g3 51. Kxb3 Kh4 0-1

[Event "Titled Tuesday intern op 27th Feb Late"]
[Site "Chess.com INT"]
[Date "2024.02.27"]
[Round "4"]
[White "Yelisieiev, Yevhenii"]
[Black "Rose, Felix"]
[Result "1-0"]
[WhiteElo "2411"]
[BlackElo "2091"]
[PlyCount "95"]
[EventDate "2024.02.27"]
[EventType "swiss (blitz)"]
[EventRounds "11"]
[EventCountry "USA"]
[SourceTitle "CB10_2024"]
[SourceDate "2024.03.06"]
[SourceVersion "1"]
[SourceVersionDate "2024.03.06"]
[SourceQuality "1"]

1. d4 d5 2. c4 e6 3. Nc3 Nf6 4. cxd5 exd5 5. Bg5 c6 6. e3 Be7 7. Bd3 Nbd7 8. Nge2 h6 9. Bh4 Nh5 10. Bxe7 Qxe7 11. Qc2 Nb6 12. h3 Be6 13. g4 Nf6 14. Nf4 Bd7 15. 0-0-0 0-0-0 16. Kb1 Kb8 17. Qb3 g5 18. Nfe2 h5 19. gxh5 Rxh5 20. Rdg1 Rdh8 21. a4 g4 22. Nf4 R5h6 23. a5 Nc8 24. h4 Rxh4 25. Rxh4 Rxh4 26. Na4 Ne4 27. Bxe4 Qxe4+ 28. Ka2 Nd6 29. Nc5 Qe8 30. Nxb7 Nxb7 31. a6 Qc8 32. Nd3 Ka8 33. axb7+ Qxb7 34. Qa3 Rh8 35. Nc5 Qc7 36. Rc1 Bf5 37. Na6 Qb7 38. Nb4 Rc8 39. Qa4 Bd7 40. Rc5 f5 41. Ka3 Qb6 42. Nd3 Rb8 43. b4 Bc8 44. Rxc6 Qb5 45. Qxb5 Rxb5 46. Rxc8+ Kb7 47. Rc5 Rb6 48. Rxd5 1-0

[Event "Titled Tuesday intern op 16th Jan Early"]
[Site "Chess.com INT"]
[Date "2024.01.16"]
[Round "1"]
[White "Rasulov, Vugar Ural Oglu"]
[Black "Yelisieiev, Yevhenii"]
[Result "1-0"]
[WhiteElo "2536"]
[BlackElo "2418"]
[PlyCount "93"]
[EventDate "2024.01.16"]
[EventType "swiss (blitz)"]
[EventRounds "11"]
[EventCountry "USA"]
[SourceTitle "CB04_2024"]
[SourceDate "2023.10.16"]
[SourceVersion "1"]
[SourceVersionDate "2023.10.16"]
[SourceQuality "1"]

1. e4 d6 2. d4 Nf6 3. Nc3 e5 4. Nf3 Nbd7 5. g3 c6 6. Bg2 b5 7. 0-0 Be7 8. Nh4 exd4 9. Qxd4 Ne5 10. Nf5 Bxf5 11. exf5 Rc8 12. Bf4 Qb6 13. Bxe5 dxe5 14. Qxe5 Qc7 15. Rfe1 Qxe5 16. Rxe5 Kd7 17. Rd1+ Bd6 18. a4 a6 19. Re2 Rhd8 20. Ne4 Nxe4 21. Bxe4 Kc7 22. Kg2 f6 23. Bd3 Be5 24. b3 Rd7 25. f4 Bc3 26. Re6 Rd6 27. Kf3 Rcd8 28. g4 R8d7 29. h4 h6 30. g5 fxg5 31. hxg5 hxg5 32. Rxd6 Rxd6 33. fxg5 Kd7 34. axb5 axb5 35. Rh1 Bd2 36. Rh5 Kc7 37. Rh7 Rd7 38. Kg4 Kd6 39. Kh5 Ke5 40. Rh8 Rc7 41. Re8+ Kf4 42. f6 gxf6 43. gxf6 Bc3 44. Kg6 c5 45. f7 Rc6+ 46. Kh7 Rc7 47. Kg8 1-0

[Event "Titled Tuesday intern op 09th Jan Early"]
[Site "Chess.com INT"]
[Date "2024.01.09"]
[Round "8"]
[White "Yelisieiev, Yevhenii"]
[Black "Petrukhina, Olga"]
[Result "1-0"]
[WhiteElo "2418"]
[BlackElo "2100"]
[PlyCount "101"]
[EventDate "2024.01.09"]
[EventType "swiss (blitz)"]
[EventRounds "11"]
[EventCountry "USA"]
[SourceTitle "CB03_2024"]
[SourceDate "2024.01.17"]
[SourceVersion "1"]
[SourceVersionDate "2024.01.17"]
[SourceQuality "1"]

1. d4 e6 2. Nf3 Nf6 3. c4 d5 4. Nc3 Be7 5. Bg5 0-0 6. e3 h6 7. Bh4 Ne4 8. Bxe7 Qxe7 9. Nxe4 dxe4 10. Nd2 f5 11. Be2 c5 12. Nb3 cxd4 13. exd4 e5 14. dxe5 Nc6 15. Qd6 Qxe5 16. Qxe5 Nxe5 17. 0-0 Be6 18. Nc5 Bxc4 19. Bxc4+ Nxc4 20. b3 Ne5 21. Nxb7 Rac8 22. Rfc1 Nd3 23. Rxc8 Rxc8 24. Nd6 Rc5 25. Rd1 Rc2 26. Nxf5 Nxf2 27. Rd8+ Kf7 28. h3 Nd3 29. Nd6+ Ke7 30. Rc8 Rxa2 31. Nxe4 Kd7 32. Rg8 g5 33. Rg7+ Ke6 34. Nc3 Rc2 35. Nb5 Nf4 36. Nd4+ Kf6 37. Nxc2 Kxg7 38. Kf2 Nd3+ 39. Ke3 Nc5 40. b4 Ne6 41. g3 Kf6 42. Ke4 h5 43. Ne3 Kg6 44. Ke5 Nc7 45. Nc4 Nb5 46. Na5 Nc3 47. Nc6 Ne2 48. Nxa7 Nxg3 49. b5 Ne2 50. b6 Nc3 51. b7 1-0

[Event "Titled Tuesday intern op 09th Jan Early"]
[Site "Chess.com INT"]
[Date "2024.01.09"]
[Round "2"]
[White "Yelisieiev, Yevhenii"]
[Black "Santeramo, Alessia Carmen"]
[Result "1-0"]
[WhiteElo "2418"]
[BlackElo "2162"]
[PlyCount "69"]
[EventDate "2024.01.09"]
[EventType "swiss (blitz)"]
[EventRounds "11"]
[EventCountry "USA"]
[SourceTitle "CB03_2024"]
[SourceDate "2024.01.17"]
[SourceVersion "1"]
[SourceVersionDate "2024.01.17"]
[SourceQuality "1"]

1. d4 Nf6 2. Nf3 c5 3. d5 b5 4. c4 b4 5. Qc2 g6 6. e4 Bg7 7. e5 Ng8 8. Bf4 d6 9. exd6 exd6 10. Bd3 Ne7 11. a3 Na6 12. Qa4+ Kf8 13. Ra2 Rb8 14. Qd1 b3 15. Ra1 Bxb2 16. Nbd2 Bxa1 17. Qxa1 b2 18. Bh6+ Kg8 19. Qb1 Bf5 20. 0-0 Bxd3 21. Qxd3 Nf5 22. Ne4 Nxh6 23. Rb1 f5 24. Neg5 Nc7 25. Qc3 Ng4 26. h3 Qf6 27. Qa5 Rb7 28. hxg4 fxg4 29. Ne6 Nxe6 30. dxe6 gxf3 31. Qa6 Qg5 32. g3 Qf5 33. Qxb7 Qxb1+ 34. Kh2 Qc2 35. Qf7# 1-0

[Event "Titled Tuesday intern op 12th Dec Early"]
[Site "Chess.com INT"]
[Date "2023.12.12"]
[Round "11"]
[White "Bardyk, Artem"]
[Black "Yelisieiev, Yevhenii"]
[Result "1-0"]
[WhiteElo "2206"]
[BlackElo "2418"]
[PlyCount "95"]
[EventDate "2023.12.12"]
[EventType "swiss (blitz)"]
[EventRounds "11"]
[EventCountry "USA"]
[SourceTitle "CB51_2023"]
[SourceDate "2023.12.20"]
[SourceVersion "1"]
[SourceVersionDate "2023.12.20"]
[SourceQuality "1"]

1. e4 d6 2. d4 Nf6 3. Nc3 e5 4. dxe5 dxe5 5. Qxd8+ Kxd8 6. f4 Bb4 7. Bd2 exf4 8. 0-0-0 Nbd7 9. Bd3 Ng4 10. Nh3 Ne3 11. Bxe3 fxe3 12. Rhf1 f6 13. Nd5 Bd2+ 14. Kb1 Ne5 15. Nhf4 Nxd3 16. cxd3 Bg4 17. Rf3 Bxf3 18. gxf3 c6 19. Nc3 g5 20. Nfe2 h5 21. d4 g4 22. Rf1 Kc7 23. Kc2 Raf8 24. Kd3 f5 25. e5 f4 26. Ne4 Rhg8 27. Nf6 gxf3 28. Rxf3 Rg2 29. Nxf4 Rxh2 30. Ne6+ Kb6 31. Nxf8 e2 32. Kxd2 h4 33. e6 h3 34. e7 Rh1 35. Kxe2 h2 36. Rh3 Rb1 37. e8Q h1Q 38. Rxh1 Rxh1 39. Qd8+ Ka6 40. N8d7 Rh2+ 41. Kd3 Rxb2 42. Nc5+ Kb5 43. a4+ Kb4 44. Nxb7 Rb3+ 45. Ke4 Kxa4 46. Nc5+ Ka3 47. Nxb3 Kxb3 48. Qa5 1-0

[Event "Titled Tuesday intern op 12th Dec Early"]
[Site "Chess.com INT"]
[Date "2023.12.12"]
[Round "5"]
[White "Yuan, Qingyu"]
[Black "Yelisieiev, Yevhenii"]
[Result "1/2-1/2"]
[WhiteElo "2360"]
[BlackElo "2418"]
[PlyCount "91"]
[EventDate "2023.12.12"]
[EventType "swiss (blitz)"]
[EventRounds "11"]
[EventCountry "USA"]
[SourceTitle "CB51_2023"]
[SourceDate "2023.12.20"]
[SourceVersion "1"]
[SourceVersionDate "2023.12.20"]
[SourceQuality "1"]

1. e4 d6 2. d4 Nf6 3. Nc3 e5 4. Nf3 Nbd7 5. Rg1 c6 6. g4 h6 7. Be3 b5 8. a3 Bb7 9. h4 h5 10. gxh5 Rxh5 11. Qd2 a5 12. dxe5 dxe5 13. Be2 b4 14. Na4 Nxe4 15. Qd1 bxa3 16. bxa3 Ndc5 17. Nxc5 Bxc5 18. Ng5 Bxe3 19. Nxe4 Qxh4 20. Qd3 Bd4 21. Bxh5 Qxh5 22. c3 Ba6 23. Qd1 Qf5 24. Qg4 Qxg4 25. Rxg4 Ba7 26. Rxg7 Kf8 27. Rh7 Ke7 28. 0-0-0 Bc4 29. Nd6 Bd5 30. Nf5+ Ke6 31. Ne3 Bxe3+ 32. fxe3 Rb8 33. Rh6+ Ke7 34. e4 Be6 35. Kd2 Rb2+ 36. Kd3 Rb3 37. Rh5 Bg4 38. Rxe5+ Kf6 39. Rg1 Kxe5 40. Rxg4 Rxa3 41. Rg5+ Ke6 42. Rc5 Kd6 43. Rf5 Ke6 44. Rc5 Kd6 45. Rf5 Ke6 46. Rc5 1/2-1/2

[Event "Titled Tuesday intern op 26th Sep Late"]
[Site "Chess.com INT"]
[Date "2023.09.26"]
[Round "8"]
[White "Yelisieiev, Yevhenii"]
[Black "Luxama, Jacques Muller"]
[Result "0-1"]
[WhiteElo "2411"]
[BlackElo "1933"]
[PlyCount "152"]
[EventDate "2023.09.26"]
[EventType "swiss (blitz)"]
[EventRounds "11"]
[EventCountry "USA"]
[SourceTitle "EXT 2024"]
[Source "ChessBase"]
[SourceDate "2023.10.10"]
[SourceVersion "1"]
[SourceVersionDate "2023.10.10"]
[SourceQuality "1"]

1. d4 Nf6 2. Nf3 e6 3. c4 d5 4. Nc3 c5 5. cxd5 cxd4 6. Qxd4 exd5 7. Bg5 Be7 8. e3 Nc6 9. Qd1 0-0 10. Be2 h6 11. Bh4 Be6 12. 0-0 Qa5 13. Nb5 a6 14. Nbd4 Rfe8 15. a3 Qb6 16. b4 Ne4 17. Bxe7 Rxe7 18. Rc1 Rc8 19. Qd3 Ree8 20. h3 Bd7 21. Nb3 Be6 22. Nc5 Rcd8 23. Nxe4 dxe4 24. Qxe4 Bxh3 25. Qf4 Be6 26. Rfd1 Rxd1+ 27. Rxd1 Rd8 28. Rxd8+ Qxd8 29. Kh2 Qd7 30. Bc4 Bxc4 31. Qxc4 Qd6+ 32. g3 g6 33. Kg2 Kg7 34. Qc3+ Qf6 35. Qxf6+ Kxf6 36. Nd2 Ke5 37. f4+ Kd5 38. Kf3 f5 39. Ke2 Na7 40. Kd3 Nb5 41. Nc4 Nd6 42. Ne5 g5 43. Nf3 Ne4 44. fxg5 hxg5 45. a4 g4 46. Nh4 Nxg3 47. Ng6 b5 48. a5 Ne4 49. Ne7+ Ke6 50. Nc6 g3 51. Nd4+ Ke5 52. Nf3+ Kd5 53. Ne1 Nf2+ 54. Ke2 Ne4 55. Kd3 Nf2+ 56. Ke2 Ng4 57. Kd3 Ne5+ 58. Ke2 Nc6 59. Nc2 Kc4 60. Kf3 Kc3 61. Ne1 Kxb4 62. Kxg3 Kxa5 63. Kf4 Kb4 64. Kxf5 Kc3 65. e4 b4 66. Ng2 b3 67. Ne3 b2 68. Nd1+ Kc2 69. Nxb2 Kxb2 70. Ke6 Kc3 71. Kd6 Nd4 72. e5 a5 73. Kd5 a4 74. Ke4 a3 75. Ke3 a2 76. Ke4 a1Q 0-1

[Event "Titled Tuesday intern op 26th Sep Early"]
[Site "Chess.com INT"]
[Date "2023.09.26"]
[Round "6"]
[White "Yelisieiev, Yevhenii"]
[Black "Popov, Konstantin"]
[Result "0-1"]
[WhiteElo "2411"]
[BlackElo "2345"]
[PlyCount "102"]
[EventDate "2023.09.26"]
[EventType "swiss (blitz)"]
[EventRounds "11"]
[EventCountry "USA"]
[SourceTitle "EXT 2024"]
[Source "ChessBase"]
[SourceDate "2023.10.10"]
[SourceVersion "1"]
[SourceVersionDate "2023.10.10"]
[SourceQuality "1"]

1. d4 Nf6 2. Nf3 e6 3. c4 b6 4. Nc3 Bb4 5. Qc2 Bb7 6. e3 0-0 7. Bd3 d6 8. e4 Nbd7 9. 0-0 e5 10. d5 Bxc3 11. Qxc3 a5 12. b3 Nc5 13. Qc2 Nfd7 14. Be2 Bc8 15. a3 Nf6 16. Nd2 g6 17. Bb2 Nh5 18. Bxh5 gxh5 19. b4 Na6 20. Bc3 f5 21. f4 exf4 22. b5 Nc5 23. Rxf4 fxe4 24. Rxf8+ Qxf8 25. Rf1 Qe8 26. Ba1 e3 27. Nf3 e2 28. Re1 Qe3+ 29. Kh1 Bg4 30. Rxe2 Qxa3 31. Bb2 Qd3 32. Qc1 Qxe2 33. Qg5+ Kf7 34. Qg7+ Ke8 35. Qh8+ Kd7 36. Qxa8 Bxf3 37. Qc6+ Ke7 38. Qxc7+ Nd7 39. Bf6+ Kxf6 40. Qxd6+ Kg5 41. Qg3+ Bg4 42. h4+ Kf5 43. Qd6 Qe1+ 44. Kh2 Qxh4+ 45. Kg1 Qe1+ 46. Kh2 Qe5+ 47. Qxe5+ Kxe5 48. Kg3 Nc5 49. Kh4 Be2 50. Kg5 Bxc4 51. d6 Kxd6 0-1

[Event "Titled Tuesday intern op 19th Sep Late"]
[Site "Chess.com INT"]
[Date "2023.09.19"]
[Round "2"]
[White "Gerbelli Neto, Eduardo"]
[Black "Yelisieiev, Yevhenii"]
[Result "0-1"]
[WhiteElo "2114"]
[BlackElo "2411"]
[PlyCount "114"]
[EventDate "2023.09.19"]
[EventType "swiss (blitz)"]
[EventRounds "11"]
[EventCountry "USA"]
[SourceTitle "EXT 2024"]
[Source "ChessBase"]
[SourceDate "2023.10.10"]
[SourceVersion "1"]
[SourceVersionDate "2023.10.10"]
[SourceQuality "1"]

1. e4 d6 2. Nc3 Nf6 3. f4 c5 4. Nf3 Nc6 5. Bb5 Bd7 6. 0-0 a6 7. Bxc6 Bxc6 8. d3 g6 9. Qe1 Bg7 10. e5 dxe5 11. fxe5 Nd5 12. Ne4 Qb6 13. c4 Nb4 14. Nf6+ Bxf6 15. exf6 e6 16. Ng5 Bd7 17. Qe2 h6 18. Ne4 0-0-0 19. Bf4 Bc6 20. Rfd1 Bxe4 21. dxe4 Nc6 22. Be3 Nd4 23. Qf2 e5 24. Rd2 Qe6 25. b3 h5 26. Rad1 Rd6 27. Rf1 Rhd8 28. Kh1 b6 29. Qg3 Nc6 30. Rdf2 Rd3 31. Qg5 Nd4 32. Bxd4 R8xd4 33. Re2 Kb7 34. Qc1 Qg4 35. Rfe1 h4 36. h3 Qg3 37. Re3 Qf4 38. Rxd3 Qxc1 39. Rxc1 Rxd3 40. Re1 Kc6 41. Re2 Kd6 42. Kg1 Ke6 43. Kf2 Kxf6 44. Rb2 a5 45. Ke2 Rg3 46. Kf2 Kg5 47. Rd2 Kf4 48. Rd7 f5 49. exf5 gxf5 50. Rd6 Rc3 51. Rxb6 Rc2+ 52. Kg1 e4 53. Rh6 e3 54. Rxh4+ Ke5 55. Rh8 Rc1+ 56. Kh2 Kd4 57. Re8 f4 0-1